[Event "18. Open de Sants Hostafrancs 2016 - B"]
[Site "Barcelona ESP"]
[Date "2016.08.19"]
[Round "1.1"]
[White "Morales Mendizabal, Pere"]
[Black "Tolibayev, Timur"]
[Result "1/2-1/2"]
[WhiteElo "1827"]
[BlackElo "2096"]
[PlyCount "71"]
[EventDate "2016.08.19"]
[EventType "swiss"]
[EventRounds "10"]
[EventCountry "ESP"]
[SourceTitle "Ajedrez en Madrid"]
[Source "lmi"]
[SourceDate "2016.08.19"]

1. d4 d5 2. f4 Nf6 3. Nf3 g6 4. e3 Bg7 5. Bd3 O-O 6. Nbd2 c5 7. c3 b6 8. O-O
Bb7 9. b3 e6 10. Ba3 Qc7 11. Rc1 Nbd7 12. Ne5 Rac8 13. Qf3 Rfd8 14. g4 c4 15.
Bb1 cxb3 16. axb3 b5 17. g5 Ne8 18. h4 Nd6 19. h5 Nf5 20. hxg6 fxg6 21. e4 dxe4
22. Bxe4 Bxe5 23. fxe5 Nxe5 24. dxe5 Rxd2 25. Bxb7 Qxe5 26. Qf4 Qxf4 27. Rxf4
Rcd8 28. Rf2 Ng3 29. Rxd2 Rxd2 30. Re1 Ne2+ 31. Kf2 Nxc3+ 32. Ke3 Rd8 33. Bb4
Nd5+ 34. Bxd5 Rxd5 35. Rg1 Re5+ 36. Kd4 1/2-1/2

[Event "18. Open de Sants Hostafrancs 2016 - B"]
[Site "Barcelona ESP"]
[Date "2016.08.19"]
[Round "1.2"]
[White "Megias Chafer, Alejandro"]
[Black "Ramos Alvarez, Maximo"]
[Result "1-0"]
[WhiteElo "2087"]
[BlackElo "1827"]
[PlyCount "111"]
[EventDate "2016.08.19"]
[EventType "swiss"]
[EventRounds "10"]
[EventCountry "ESP"]
[SourceTitle "Ajedrez en Madrid"]
[Source "lmi"]
[SourceDate "2016.08.19"]

1. d4 Nf6 2. c4 g6 3. Nc3 d5 4. cxd5 Nxd5 5. e4 Nxc3 6. bxc3 Bg7 7. Bc4 c5 8.
Ne2 Qa5 9. O-O O-O 10. Be3 Rd8 11. Qb3 e6 12. dxc5 Nc6 13. Rfd1 Ne5 14. Bg5
Rxd1+ 15. Rxd1 Bd7 16. h4 Bc6 17. Nd4 Qxc5 18. Nxc6 Qxc6 19. Rd4 Rc8 20. Bb5
Qc7 21. Be2 a6 22. a4 Nc6 23. Rc4 Qd7 24. Qb6 Qc7 25. Qxc7 Rxc7 26. Kf1 b5 27.
axb5 axb5 28. Rc5 Rc8 29. Bxb5 Na7 30. Rxc8+ Nxc8 31. c4 Nd6 32. f3 Bd4 33. Ke2
Kf8 34. Kd3 e5 35. Bd2 Nb7 36. Bc6 Nc5+ 37. Kc2 Ne6 38. Be1 Ke7 39. g3 Ba1 40.
Bb4+ Kd8 41. Bd5 Bd4 42. Bxe6 fxe6 43. Bc3 Bf2 44. Bxe5 Kd7 45. Kd3 Kc6 46. Ke2
Bb6 47. g4 Bd8 48. h5 Be7 49. f4 Bc5 50. f5 gxh5 51. gxh5 exf5 52. exf5 Bf8 53.
Kd3 Kc5 54. Bb2 Kc6 55. Ke4 Kd7 56. Kd5 1-0

[Event "18. Open de Sants Hostafrancs 2016 - B"]
[Site "Barcelona ESP"]
[Date "2016.08.19"]
[Round "1.3"]
[White "Mozelius, Peter"]
[Black "Ayala Abenza, Jose Luis"]
[Result "0-1"]
[WhiteElo "1827"]
[BlackElo "2071"]
[PlyCount "104"]
[EventDate "2016.08.19"]
[EventType "swiss"]
[EventRounds "10"]
[EventCountry "ESP"]
[SourceTitle "Ajedrez en Madrid"]
[Source "lmi"]
[SourceDate "2016.08.19"]

1. d4 d5 2. Nf3 Nf6 3. Bf4 e6 4. e3 Bd6 5. Bg3 Ne4 6. Nbd2 Nxg3 7. hxg3 Nd7 8.
Bd3 c5 9. c3 Qe7 10. Qe2 Nf6 11. Ne5 Bd7 12. f4 Bc6 13. Qf3 cxd4 14. exd4 Qc7
15. g4 Qb6 16. Rb1 Bb5 17. g5 Bxe5 18. fxe5 Nd7 19. g6 fxg6 20. Bxg6+ Kd8 21.
Rxh7 Kc7 22. Rxh8 Rxh8 23. Bd3 Qa6 24. Bxb5 Qxb5 25. Qe2 Qa4 26. a3 Qc2 27. Kf2
Nb6 28. Qd1 Rf8+ 29. Kg1 Qd3 30. Qe1 g5 31. Nf3 g4 32. Rd1 Qg6 33. Nh4 Qg5 34.
g3 Nc4 35. Qe2 Rg8 36. Rf1 Rg7 37. Rf4 a6 38. a4 Kb8 39. b3 Na5 40. Qc2 Rc7 41.
Qd2 Ka7 42. Qa2 Rh7 43. Qf2 Nxb3 44. c4 Nc1 45. Qd2 Rxh4 46. Qxc1 Rh3 47. Qc3
Qxf4 48. gxf4 Rxc3 49. cxd5 exd5 50. Kf2 Rf3+ 51. Ke2 Rxf4 52. Ke3 Re4+ 0-1

[Event "18. Open de Sants Hostafrancs 2016 - B"]
[Site "Barcelona ESP"]
[Date "2016.08.19"]
[Round "1.4"]
[White "Jove Grau, Lluis"]
[Black "Flores Linan, Jose Luis"]
[Result "1-0"]
[WhiteElo "2063"]
[BlackElo "1824"]
[PlyCount "61"]
[EventDate "2016.08.19"]
[EventType "swiss"]
[EventRounds "10"]
[EventCountry "ESP"]
[SourceTitle "Ajedrez en Madrid"]
[Source "lmi"]
[SourceDate "2016.08.19"]

1. e4 c5 2. Nf3 d6 3. Nc3 Nc6 4. d4 cxd4 5. Nxd4 g6 6. g3 Bg7 7. Nb3 Nf6 8. Bg2
O-O 9. O-O Bg4 10. f3 Be6 11. Nd5 Rc8 12. f4 Ng4 13. Kh1 h5 14. h3 Nh6 15. c3
Kh7 16. Be3 f5 17. Qd3 fxe4 18. Bxe4 Nf5 19. Bf2 Bxd5 20. Qxd5 Qd7 21. Nc5 Qe8
22. Ne6 Rf6 23. g4 hxg4 24. hxg4 Nh6 25. g5 Ng4 26. Kg2 Bf8 27. Rh1+ Bh6 28.
Rxh6+ Nxh6 29. Rh1 Kg8 30. Rxh6 Ne5 31. gxf6 1-0

[Event "18. Open de Sants Hostafrancs 2016 - B"]
[Site "Barcelona ESP"]
[Date "2016.08.19"]
[Round "1.5"]
[White "Sobrevia Castellar, Lluis"]
[Black "Fernandez Aguilar, Francisco"]
[Result "0-1"]
[WhiteElo "1822"]
[BlackElo "2051"]
[PlyCount "88"]
[EventDate "2016.08.19"]
[EventType "swiss"]
[EventRounds "10"]
[EventCountry "ESP"]
[SourceTitle "Ajedrez en Madrid"]
[Source "lmi"]
[SourceDate "2016.08.19"]

1. e4 e5 2. Nf3 Nc6 3. b3 Nf6 4. d3 g6 5. Bb2 d6 6. Be2 Bg7 7. O-O O-O 8. c4
Nh5 9. g3 f5 10. Nc3 Nf6 11. Nd5 fxe4 12. Nxf6+ Qxf6 13. dxe4 Bh3 14. Re1 g5
15. Kh1 g4 16. Ng1 Qxf2 17. Nxh3 gxh3 18. Rg1 Bh6 19. Bc3 Be3 20. Qd3 Bd4 21.
Raf1 Qe3 22. Bxd4 Qxd3 23. Bxd3 exd4 24. Rf4 Ne5 25. Rd1 Rxf4 26. gxf4 Nxd3 27.
Rxd3 c5 28. Rd1 Re8 29. Re1 d3 30. Kg1 Rxe4 31. Rd1 Rd4 32. Kf2 Rxf4+ 33. Kg3
Rd4 34. Kxh3 d2 35. Kg3 Kf7 36. Kf3 Ke6 37. Ke3 a6 38. a4 b6 39. Rxd2 Rxd2 40.
Kxd2 d5 41. cxd5+ Kxd5 42. Kd3 b5 43. axb5 axb5 44. Ke3 Ke5 0-1

[Event "18. Open de Sants Hostafrancs 2016 - B"]
[Site "Barcelona ESP"]
[Date "2016.08.19"]
[Round "1.7"]
[White "Serra Vilaro, Agustin"]
[Black "Castrillo Mansego, Pablo"]
[Result "0-1"]
[WhiteElo "1822"]
[BlackElo "2028"]
[PlyCount "96"]
[EventDate "2016.08.19"]
[EventType "swiss"]
[EventRounds "10"]
[EventCountry "ESP"]
[SourceTitle "Ajedrez en Madrid"]
[Source "lmi"]
[SourceDate "2016.08.19"]

1. d4 g6 2. e4 Bg7 3. f4 d6 4. Nf3 Nf6 5. Bd3 Nbd7 6. e5 Nd5 7. c3 N7b6 8. a4
a5 9. Na3 Bd7 10. Nc4 O-O 11. Nxb6 Nxb6 12. O-O e6 13. Bd2 Qe7 14. Bc2 c5 15.
Qe2 Rfc8 16. exd6 Qxd6 17. dxc5 Qxc5+ 18. Be3 Qc7 19. Ne5 Nc4 20. Nxc4 Qxc4 21.
Bd3 Qc7 22. Bb5 Bc6 23. Rad1 Rd8 24. Rxd8+ Rxd8 25. Bxc6 Qxc6 26. Rd1 Rd5 27.
Rxd5 exd5 28. Qb5 Qxb5 29. axb5 Kf8 30. Bc5+ Ke8 31. Kf2 Kd7 32. Ke3 f5 33. Kd3
a4 34. g3 Bf6 35. h4 Ke6 36. Kc2 h6 37. Bf8 h5 38. Bc5 Bg7 39. Kd3 Bf6 40. Kc2
Bd8 41. Kb1 d4 42. c4 Ba5 43. Bxd4 Be1 44. Kc2 Bxg3 45. Be5 Bxh4 46. c5 Bf2 47.
c6 bxc6 48. bxc6 h4 0-1

[Event "18. Open de Sants Hostafrancs 2016 - B"]
[Site "Barcelona ESP"]
[Date "2016.08.19"]
[Round "1.8"]
[White "Mas Recorda, Pere"]
[Black "Conti, Anne-marie"]
[Result "1/2-1/2"]
[WhiteElo "2027"]
[BlackElo "1822"]
[PlyCount "50"]
[EventDate "2016.08.19"]
[EventType "swiss"]
[EventRounds "10"]
[EventCountry "ESP"]
[SourceTitle "Ajedrez en Madrid"]
[Source "lmi"]
[SourceDate "2016.08.19"]

1. d4 Nf6 2. g3 g6 3. Bg2 Bg7 4. e4 d6 5. Ne2 O-O 6. O-O e5 7. c3 Re8 8. Qc2 b6
9. Bg5 h6 10. Bxf6 Qxf6 11. f4 Qe7 12. Na3 Ba6 13. Rad1 Nd7 14. Rf2 Bxe2 15.
Rxe2 a6 16. Qd2 Rad8 17. Nc2 a5 18. Ne3 Nf6 19. Nd5 Nxd5 20. exd5 Qf8 21. dxe5
dxe5 22. fxe5 Bxe5 23. Rde1 Bd6 24. Bf3 Bc5+ 25. Kg2 Kg7 1/2-1/2

[Event "18. Open de Sants Hostafrancs 2016 - B"]
[Site "Barcelona ESP"]
[Date "2016.08.19"]
[Round "1.9"]
[White "Lecha Garcia, Eduard"]
[Black "Vigo Allepuz, David"]
[Result "0-1"]
[WhiteElo "1816"]
[BlackElo "2019"]
[PlyCount "68"]
[EventDate "2016.08.19"]
[EventType "swiss"]
[EventRounds "10"]
[EventCountry "ESP"]
[SourceTitle "Ajedrez en Madrid"]
[Source "lmi"]
[SourceDate "2016.08.19"]

1. d4 e6 2. c4 f5 3. Nf3 d5 4. cxd5 exd5 5. Nc3 Nf6 6. Bg5 c6 7. e3 Bd6 8. g3
O-O 9. Bg2 Qe8 10. O-O Nbd7 11. Rc1 Ne4 12. Bf4 Qe7 13. Bxd6 Qxd6 14. Nd2 Qh6
15. Qe2 Ndf6 16. Ndxe4 fxe4 17. f3 exf3 18. Bxf3 Bh3 19. Rf2 Rae8 20. Re1 Qg6
21. b4 h5 22. Kh1 Ng4 23. Bxg4 Bxg4 24. Qf1 Rxf2 25. Qxf2 Rf8 26. Qd2 Bf3+ 27.
Kg1 h4 28. Ne2 Qg4 29. Nf4 g5 30. Ne2 Qh3 31. Nf4 gxf4 32. exf4 hxg3 33. Re5
gxh2+ 34. Qxh2 Qxh2+ 0-1

[Event "18. Open de Sants Hostafrancs 2016 - B"]
[Site "Barcelona ESP"]
[Date "2016.08.19"]
[Round "1.10"]
[White "Lopez Baena, David"]
[Black "Martinez Balaguer, Josep"]
[Result "1-0"]
[WhiteElo "2019"]
[BlackElo "1808"]
[PlyCount "35"]
[EventDate "2016.08.19"]
[EventType "swiss"]
[EventRounds "10"]
[EventCountry "ESP"]
[SourceTitle "Ajedrez en Madrid"]
[Source "lmi"]
[SourceDate "2016.08.19"]

1. d4 f5 2. e4 fxe4 3. Nc3 Nf6 4. Bg5 g6 5. h4 d6 6. h5 Bg7 7. h6 Bf8 8. Qe2
Nc6 9. O-O-O e5 10. dxe5 Nxe5 11. Nxe4 Be7 12. Bxf6 Bxf6 13. f4 Bg4 14. Nf3
Nxf3 15. Nxf6+ Kf7 16. Nxg4 Nh4 17. Qc4+ Kf8 18. Qd4 1-0

[Event "18. Open de Sants Hostafrancs 2016 - B"]
[Site "Barcelona ESP"]
[Date "2016.08.20"]
[Round "2.1"]
[White "Garcia Ruiz, Adrian"]
[Black "Megias Chafer, Alejandro"]
[Result "0-1"]
[WhiteElo "1879"]
[BlackElo "2087"]
[PlyCount "66"]
[EventDate "2016.08.19"]
[EventType "swiss"]
[EventRounds "10"]
[EventCountry "ESP"]
[SourceTitle "Ajedrez en Madrid"]
[Source "lmi"]
[SourceDate "2016.08.19"]

1. d4 d5 2. c4 c6 3. Nf3 Nf6 4. Nc3 e6 5. Bg5 h6 6. Bh4 dxc4 7. e4 g5 8. Bg3 b5
9. Be2 Bb7 10. h4 g4 11. Ne5 h5 12. f3 gxf3 13. Bxf3 Be7 14. O-O Nbd7 15. Nxd7
Qxd7 16. e5 Ng4 17. Bxg4 hxg4 18. Ne4 Qd5 19. Nc3 Qd7 20. Ne4 O-O-O 21. Rxf7
Qe8 22. Rf1 c5 23. Nd6+ Bxd6 24. exd6 Qc6 25. Qe2 cxd4 26. Qxe6+ Kb8 27. Rf2
Ka8 28. Qe5 d3 29. Qd4 Rhe8 30. Raf1 Re2 31. Qxg4 Qxg2+ 32. Rxg2 Rxg2+ 33. Kh1
Rxg3+ 0-1

[Event "18. Open de Sants Hostafrancs 2016 - B"]
[Site "Barcelona ESP"]
[Date "2016.08.20"]
[Round "2.2"]
[White "Ayala Abenza, Jose Luis"]
[Black "Martos Martin, Josep Angel"]
[Result "0-1"]
[WhiteElo "2071"]
[BlackElo "1877"]
[PlyCount "56"]
[EventDate "2016.08.19"]
[EventType "swiss"]
[EventRounds "10"]
[EventCountry "ESP"]
[SourceTitle "Ajedrez en Madrid"]
[Source "lmi"]
[SourceDate "2016.08.19"]

1. d4 Nf6 2. c4 g6 3. Nc3 Bg7 4. e4 d6 5. h3 O-O 6. Be3 e5 7. d5 a5 8. Qd2 Ne8
9. g4 f5 10. gxf5 gxf5 11. exf5 Bxf5 12. Nge2 Na6 13. Ng3 Nc5 14. Nxf5 Rxf5 15.
Bd3 Nxd3+ 16. Qxd3 Rh5 17. Ne4 Bf6 18. O-O-O Qd7 19. Rdg1+ Kh8 20. h4 Qf5 21.
Qd1 Rxh4 22. Nxf6 Rxc4+ 23. Kd2 Nxf6 24. Ke1 Ng4 25. Rf1 Rf8 26. Rhg1 Nh2 27.
Rg5 Nf3+ 28. Ke2 Rc2+ 0-1

[Event "18. Open de Sants Hostafrancs 2016 - B"]
[Site "Barcelona ESP"]
[Date "2016.08.20"]
[Round "2.3"]
[White "Brunetti, Alberto"]
[Black "Jove Grau, Lluis"]
[Result "0-1"]
[WhiteElo "1877"]
[BlackElo "2063"]
[PlyCount "68"]
[EventDate "2016.08.19"]
[EventType "swiss"]
[EventRounds "10"]
[EventCountry "ESP"]
[SourceTitle "Ajedrez en Madrid"]
[Source "lmi"]
[SourceDate "2016.08.19"]

1. d4 Nf6 2. c4 g6 3. Nc3 Bg7 4. e4 d6 5. Nf3 O-O 6. Be2 Nbd7 7. O-O e5 8. dxe5
dxe5 9. Qc2 c6 10. h3 Re8 11. Be3 Nh5 12. Rfd1 Qe7 13. a3 Nf8 14. c5 Ne6 15.
Rac1 Nhf4 16. Kh2 g5 17. Bf1 Nd4 18. Nxd4 exd4 19. Bxf4 gxf4 20. Ne2 f3 21.
gxf3 Qh4 22. Ng3 Be5 23. Bg2 Kh8 24. Qd2 Rd8 25. Rb1 Be6 26. Qb4 Rd7 27. b3 Rg8
28. Qe1 f6 29. Rd3 Bf4 30. Rb2 Rdg7 31. Qb4 Rxg3 32. fxg3 Qxg3+ 33. Kg1 Bxh3
34. Qxd4 Qe1# 0-1

[Event "18. Open de Sants Hostafrancs 2016 - B"]
[Site "Barcelona ESP"]
[Date "2016.08.20"]
[Round "2.4"]
[White "Fernandez Aguilar, Francisco"]
[Black "Ingunza Lopez, Txema"]
[Result "1/2-1/2"]
[WhiteElo "2051"]
[BlackElo "1875"]
[PlyCount "115"]
[EventDate "2016.08.19"]
[EventType "swiss"]
[EventRounds "10"]
[EventCountry "ESP"]
[SourceTitle "Ajedrez en Madrid"]
[Source "lmi"]
[SourceDate "2016.08.19"]

1. d4 Nf6 2. Nf3 e6 3. Bg5 h6 4. Bh4 c5 5. e3 Be7 6. Nbd2 b6 7. c3 Bb7 8. Bd3
O-O 9. a4 Nc6 10. O-O d6 11. Re1 Rc8 12. Qb1 Nh5 13. Bxe7 Qxe7 14. Bf1 Nf6 15.
Rc1 cxd4 16. exd4 Rc7 17. Re1 Rcc8 18. Qd3 Qc7 19. h3 Ne7 20. Nh2 Ned5 21. Qg3
Ne7 22. Ng4 Nxg4 23. hxg4 d5 24. Qe3 Ng6 25. g3 Rfe8 26. Bd3 Nf8 27. Nf3 f6 28.
Qf4 Qxf4 29. gxf4 Kf7 30. a5 Ng6 31. Bxg6+ Kxg6 32. Nh4+ Kf7 33. axb6 axb6 34.
Ra7 Rc7 35. f5 e5 36. Ng6 exd4 37. Rxe8 Kxe8 38. cxd4 Kd7 39. Nf8+ Kd6 40. Ne6
Rd7 41. Kg2 g5 42. Ra3 Bc6 43. Ra6 Rb7 44. Ra8 Rh7 45. Rf8 Ke7 46. Rb8 b5 47.
Rb6 Kd6 48. Rb8 h5 49. Rd8+ Ke7 50. Rc8 Kd6 51. f3 hxg4 52. fxg4 Ra7 53. Rf8
Ke7 54. Rc8 Kd6 55. Rd8+ Ke7 56. Rc8 Kd6 57. Rd8+ Ke7 58. Rc8 1/2-1/2

[Event "18. Open de Sants Hostafrancs 2016 - B"]
[Site "Barcelona ESP"]
[Date "2016.08.20"]
[Round "2.5"]
[White "Castrillo Mansego, Pablo"]
[Black "Walter Travella, German"]
[Result "1-0"]
[WhiteElo "2028"]
[BlackElo "1872"]
[PlyCount "107"]
[EventDate "2016.08.19"]
[EventType "swiss"]
[EventRounds "10"]
[EventCountry "ESP"]
[SourceTitle "Ajedrez en Madrid"]
[Source "lmi"]
[SourceDate "2016.08.19"]

1. e4 e5 2. Nf3 d6 3. Bc4 Nf6 4. Ng5 d5 5. exd5 h6 6. Nf3 e4 7. Qe2 Be7 8. Nd4
O-O 9. Nc3 Bc5 10. Nb3 Bg4 11. Qf1 Bb4 12. h3 Bh5 13. g4 Bg6 14. a3 Bd6 15. Na5
Qc8 16. b4 Nbd7 17. Bb2 Ne5 18. O-O-O Nxc4 19. Qxc4 Re8 20. Rde1 a6 21. Re2 Nd7
22. Nxe4 Nb6 23. Nxd6 Nxc4 24. Rxe8+ Qxe8 25. Nxe8 Nxa5 26. Nxc7 Rc8 27. Be5
Nc4 28. Bg3 Nxa3 29. d3 Nb5 30. Nxb5 axb5 31. Kd2 Rd8 32. d6 f5 33. Re1 Rd7 34.
c4 fxg4 35. hxg4 bxc4 36. dxc4 Bf7 37. c5 Bd5 38. Re3 Bc6 39. Kc3 Bb5 40. Kd4
g6 41. Ra3 Kf7 42. Ra5 Be2 43. b5 Bf3 44. Ke5 Rd8 45. Ra7 Re8+ 46. Kd4 Ke6 47.
Ra3 Bxg4 48. Re3+ Kf7 49. Rxe8 Kxe8 50. c6 Bf3 51. Kc5 g5 52. d7+ Kd8 53. Be5
bxc6 54. bxc6 1-0

[Event "18. Open de Sants Hostafrancs 2016 - B"]
[Site "Barcelona ESP"]
[Date "2016.08.20"]
[Round "2.6"]
[White "Vigo Allepuz, David"]
[Black "Santos Ramos, Carlos"]
[Result "1-0"]
[WhiteElo "2019"]
[BlackElo "1868"]
[PlyCount "133"]
[EventDate "2016.08.19"]
[EventType "swiss"]
[EventRounds "10"]
[EventCountry "ESP"]
[SourceTitle "Ajedrez en Madrid"]
[Source "lmi"]
[SourceDate "2016.08.19"]

1. d4 g6 2. c4 Bg7 3. Nc3 d6 4. e4 e5 5. Be3 Nc6 6. d5 Nce7 7. Bd3 f5 8. f3 Nf6
9. Qd2 f4 10. Bf2 O-O 11. Nge2 Bd7 12. a4 a6 13. Bc2 Qe8 14. Nc1 g5 15. h3 Qh5
16. Rg1 h6 17. Nd3 Ng6 18. Bd1 Nh4 19. a5 Bxh3 20. gxh3 Nxf3+ 21. Bxf3 Qxf3 22.
Qe2 Qxh3 23. O-O-O Qd7 24. Ne1 Rfb8 25. Nf3 b6 26. axb6 cxb6 27. Kb1 Qc7 28.
Bh4 Qc5 29. Bxg5 hxg5 30. Nxg5 Ra7 31. Ne6 Qe3 32. Qxe3 fxe3 33. Rde1 b5 34.
cxb5 axb5 35. Rxe3 b4 36. Ne2 b3 37. Nc1 Rb4 38. Reg3 Rbb7 39. Re1 Rb4 40. Ng5
Nh5 41. Rxb3 Rxb3 42. Nxb3 Nf4 43. Rc1 Bh6 44. Nf3 Nd3 45. Rc8+ Kg7 46. Kc2 Nf2
47. Nbd2 Ra4 48. Kb3 Ra6 49. Rc6 Nd3 50. Rxa6 Nc5+ 51. Kc4 Nxa6 52. Kb5 Nc7+
53. Kc6 Ne8 54. Nc4 Bc1 55. b3 Kf6 56. Nxd6 Nxd6 57. Kxd6 Ba3+ 58. Kc7 Bb4 59.
Kb6 Bd6 60. Nd2 Bb4 61. Nc4 Bc3 62. d6 Bb4 63. d7 Be7 64. Kc7 Kg5 65. d8=Q
Bxd8+ 66. Kxd8 Kf4 67. Nd6 1-0

[Event "18. Open de Sants Hostafrancs 2016 - B"]
[Site "Barcelona ESP"]
[Date "2016.08.20"]
[Round "2.7"]
[White "Barroso Quinones, Antonio"]
[Black "Lopez Baena, David"]
[Result "0-1"]
[WhiteElo "1875"]
[BlackElo "2019"]
[PlyCount "50"]
[EventDate "2016.08.19"]
[EventType "swiss"]
[EventRounds "10"]
[EventCountry "ESP"]
[SourceTitle "Ajedrez en Madrid"]
[Source "lmi"]
[SourceDate "2016.08.19"]

1. d4 g6 2. g3 Bg7 3. Bg2 d5 4. Nf3 Nh6 5. O-O O-O 6. Ne5 Nf5 7. Nc3 e6 8. e3
c5 9. Nf3 cxd4 10. exd4 Nc6 11. Ne2 Qb6 12. Kh1 Bd7 13. c4 dxc4 14. Nd2 Na5 15.
Ne4 Bc6 16. g4 Nh4 17. f3 Nxg2 18. Kxg2 Rad8 19. Qe1 Bxe4 20. fxe4 Nc6 21. e5
Nxd4 22. Be3 Qc6+ 23. Kh3 Nc2 24. Qg3 Nxe3 25. Qxe3 Rd3 0-1

[Event "18. Open de Sants Hostafrancs 2016 - B"]
[Site "Barcelona ESP"]
[Date "2016.08.20"]
[Round "2.8"]
[White "Serrate Carrasco, Antoni"]
[Black "Gonzalez Saguillo, Oriol"]
[Result "0-1"]
[WhiteElo "1998"]
[BlackElo "1860"]
[PlyCount "54"]
[EventDate "2016.08.19"]
[EventType "swiss"]
[EventRounds "10"]
[EventCountry "ESP"]
[SourceTitle "Ajedrez en Madrid"]
[Source "lmi"]
[SourceDate "2016.08.19"]

1. d4 d5 2. Nf3 Nf6 3. Bf4 c5 4. e3 Nc6 5. c3 Qb6 6. Qb3 c4 7. Qxb6 axb6 8.
Nbd2 b5 9. Be2 Bf5 10. Ne5 Nxe5 11. dxe5 Nd7 12. Nf3 e6 13. Nd4 b4 14. Kd2 Nc5
15. f3 bxc3+ 16. bxc3 Bg6 17. g4 Be7 18. h4 h5 19. Bg3 hxg4 20. Bf2 gxf3 21.
Bxf3 Be4 22. Ke2 g6 23. Bg3 Kd7 24. Rh2 Ra5 25. Bxe4 Nxe4 26. Be1 Bc5 27. Nc2
Rha8 0-1

[Event "18. Open de Sants Hostafrancs 2016 - B"]
[Site "Barcelona ESP"]
[Date "2016.08.20"]
[Round "2.9"]
[White "Farre Selma, David"]
[Black "Marina De La Torre, Ivan"]
[Result "1-0"]
[WhiteElo "1857"]
[BlackElo "1997"]
[PlyCount "81"]
[EventDate "2016.08.19"]
[EventType "swiss"]
[EventRounds "10"]
[EventCountry "ESP"]
[SourceTitle "Ajedrez en Madrid"]
[Source "lmi"]
[SourceDate "2016.08.19"]

1. e4 e6 2. b3 d5 3. Bb2 dxe4 4. Nc3 Nf6 5. Qe2 Be7 6. Nxe4 O-O 7. Nf3 Nbd7 8.
Nxf6+ Nxf6 9. O-O-O a5 10. a4 c6 11. Ne5 Qc7 12. Qf3 Bd7 13. Bd3 b5 14. axb5
cxb5 15. Nxd7 Qxd7 16. Bxf6 Bxf6 17. Qh5 g6 18. Qxb5 Qd6 19. Qa4 Rfb8 20. Bc4
Rb4 21. Qa3 Qc7 22. c3 Rbb8 23. Qa4 Qf4 24. g3 Qd6 25. Rhe1 Rd8 26. f4 Rab8 27.
Re3 Qb6 28. Kc2 Rdc8 29. Re2 Kg7 30. Rde1 h5 31. h3 Qc7 32. Re4 Rd8 33. g4 hxg4
34. hxg4 Qc5 35. g5 Be7 36. R1e2 Qf5 37. Bd3 Qd5 38. Bc4 Qf5 39. Bd3 Rd5 40.
Re5 Rxe5 41. Qd4 1-0

[Event "18. Open de Sants Hostafrancs 2016 - B"]
[Site "Barcelona ESP"]
[Date "2016.08.20"]
[Round "2.10"]
[White "Romero Castejon, Daniel"]
[Black "Gomez Agustin, Vicente"]
[Result "1-0"]
[WhiteElo "1993"]
[BlackElo "1847"]
[PlyCount "41"]
[EventDate "2016.08.19"]
[EventType "swiss"]
[EventRounds "10"]
[EventCountry "ESP"]
[SourceTitle "Ajedrez en Madrid"]
[Source "lmi"]
[SourceDate "2016.08.19"]

1. e4 e5 2. Nf3 Nf6 3. d4 Nxe4 4. Bd3 d5 5. Nxe5 Nd7 6. O-O Nxe5 7. dxe5 Be7 8.
c4 c6 9. cxd5 Qxd5 10. Qf3 Nc5 11. Qxd5 cxd5 12. Bb5+ Bd7 13. Bxd7+ Nxd7 14.
Nc3 Nb6 15. Be3 O-O-O 16. Rfd1 Bb4 17. Bxb6 axb6 18. Nxd5 Bc5 19. b4 Bf8 20.
Nxb6+ Kc7 21. Rac1+ 1-0

[Event "18. Open de Sants Hostafrancs 2016 - B"]
[Site "Barcelona ESP"]
[Date "2016.08.21"]
[Round "3.1"]
[White "Megias Chafer, Alejandro"]
[Black "Khachatryan, Tigran V"]
[Result "1-0"]
[WhiteElo "2087"]
[BlackElo "1918"]
[PlyCount "57"]
[EventDate "2016.08.19"]
[EventType "swiss"]
[EventRounds "10"]
[EventCountry "ESP"]
[SourceTitle "Ajedrez en Madrid"]
[Source "lmi"]
[SourceDate "2016.08.19"]

1. e4 d6 2. d4 Nf6 3. f3 Nbd7 4. Be3 c5 5. c4 cxd4 6. Bxd4 g6 7. Nc3 Bg7 8.
Nge2 O-O 9. Qd2 Nc5 10. Ng3 Qa5 11. Be2 Nb3 12. Qd1 Nxa1 13. Qxa1 Nh5 14. Bxg7
Kxg7 15. Nxh5+ Qxh5 16. O-O Be6 17. f4 Qc5+ 18. Kh1 Kg8 19. b3 f5 20. Bf3 Rab8
21. Re1 Rf6 22. Re2 Kf8 23. Qe1 Qc7 24. exf5 gxf5 25. Rxe6 Qd7 26. Bd5 Re8 27.
h3 Kg7 28. Nb5 b6 29. Nd4 1-0

[Event "18. Open de Sants Hostafrancs 2016 - B"]
[Site "Barcelona ESP"]
[Date "2016.08.21"]
[Round "3.2"]
[White "Jove Grau, Lluis"]
[Black "Costa Trave, Jaume"]
[Result "1-0"]
[WhiteElo "2063"]
[BlackElo "1898"]
[PlyCount "91"]
[EventDate "2016.08.19"]
[EventType "swiss"]
[EventRounds "10"]
[EventCountry "ESP"]
[SourceTitle "Ajedrez en Madrid"]
[Source "lmi"]
[SourceDate "2016.08.19"]

1. e4 e6 2. d4 d5 3. Nc3 dxe4 4. Nxe4 Bd7 5. Nf3 Bc6 6. Ng3 Nd7 7. Bd3 Ngf6 8.
O-O Bd6 9. Qe2 O-O 10. Ne5 h6 11. f4 Re8 12. Bd2 Nf8 13. c3 Bd7 14. b4 c6 15.
Rae1 Bc8 16. Kh1 a5 17. bxa5 Rxa5 18. Bb1 Bc7 19. Ne4 N6h7 20. Qh5 f6 21. Qf7+
Kh8 22. Ng6+ Nxg6 23. Qxg6 Nf8 24. Qg3 f5 25. Nf2 b6 26. c4 Ra7 27. Bc3 Bb8 28.
Re3 Rf7 29. Rfe1 Qc7 30. Nd3 Rf6 31. d5 Rg6 32. Qh3 cxd5 33. Ne5 Rf6 34. cxd5
Nh7 35. Qh5 Ref8 36. Ng6+ Rxg6 37. Qxg6 Nf6 38. Be5 Qb7 39. Bxb8 Qxb8 40. dxe6
Qxf4 41. Qxf5 Qb4 42. Qg6 Re8 43. h3 Bb7 44. Rf1 Re7 45. Rxf6 gxf6 46. Qxh6+
1-0

[Event "18. Open de Sants Hostafrancs 2016 - B"]
[Site "Barcelona ESP"]
[Date "2016.08.21"]
[Round "3.3"]
[White "Mamah, Isabelle"]
[Black "Castrillo Mansego, Pablo"]
[Result "1-0"]
[WhiteElo "1893"]
[BlackElo "2028"]
[PlyCount "127"]
[EventDate "2016.08.19"]
[EventType "swiss"]
[EventRounds "10"]
[EventCountry "ESP"]
[SourceTitle "Ajedrez en Madrid"]
[Source "lmi"]
[SourceDate "2016.08.19"]

1. e4 c5 2. c3 d6 3. d4 Nf6 4. dxc5 dxc5 5. Qxd8+ Kxd8 6. f3 e5 7. Bc4 Ke8 8.
Na3 a6 9. Bg5 b5 10. Bxf6 gxf6 11. Bd5 Ra7 12. c4 b4 13. Nc2 Bd7 14. b3 Nc6 15.
Bxc6 Bxc6 16. Ne3 Bd7 17. Ne2 Be6 18. Ng3 Bd6 19. Ngf5 Rd7 20. Rd1 Bc7 21. Ke2
Kd8 22. Rxd7+ Kxd7 23. Rd1+ Kc6 24. Ne7+ Kb7 25. N7d5 Bd8 26. h4 h5 27. Rh1 Kc6
28. Nf5 a5 29. Nde3 Bc7 30. g4 Kd7 31. Rd1+ Kc6 32. Rh1 Kd7 33. gxh5 Rxh5 34.
Rd1+ Kc6 35. Rg1 Rh8 36. Rg8 Rxg8 37. Ne7+ Kd7 38. Nxg8 Bd8 39. Nh6 Ke8 40.
Nhf5 Kf8 41. h5 Kg8 42. Kf2 Kh7 43. Kg3 Bc7 44. Kh4 Bd8 45. h6 Bxf5 46. Nxf5
Kg6 47. Kg4 Bc7 48. Ne7+ Kxh6 49. Kf5 Kg7 50. Nc6 Bb6 51. Nb8 Bd8 52. Nd7 Be7
53. Nb6 Bd6 54. Nd5 Kf8 55. Nxf6 Ke7 56. Ng4 Bc7 57. Nxe5 Ke8 58. Nd3 Bd6 59.
e5 Be7 60. Ke4 Kd7 61. Kd5 Kc7 62. Nxc5 Kb6 63. Ne4 Bf8 64. f4 1-0